[Event "Heider City-ch"]
[Site "Heider"]
[Date "2003.04.04"]
[Round "4.6"]
[White "Niemoeller, Hendrik"]
[Black "Steer, Oliver"]
[Result "1/2-1/2"]
[WhiteElo "1271"]
[BlackElo "1608"]
[PlyCount "99"]
[EventDate "2003.03.03"]
[EventType "swiss"]
[EventRounds "7"]
[EventCountry "GER"]
[SourceTitle "EXT 2004"]
[Source "ChessBase"]
[SourceDate "2003.11.25"]
[SourceVersion "1"]
[SourceVersionDate "2003.11.25"]
[SourceQuality "1"]

1. d4 Nf6 2. c4 g6 3. Nc3 Bg7 4. Bg5 d6 5. Nf3 Bg4 6. e3 Nbd7 7. Be2 c5 8. h3 Bxf3 9. Bxf3 Rb8 10. Qa4 a6 11. Rd1 cxd4 12. exd4 0-0 13. 0-0 Re8 14. Rfe1 h6 15. Bxf6 Bxf6 16. c5 Nf8 17. Nd5 dxc5 18. Nxf6+ exf6 19. Rxe8 Qxe8 20. Qxe8 Rxe8 21. dxc5 Ne6 22. b4 Rd8 23. Rb1 Rd7 24. a4 Nd4 25. Bd1 Nc6 26. b5 axb5 27. axb5 Nd4 28. Rb4 Rd5 29. Rc4 Nxb5 30. Bf3 Rd7 31. Rb4 Nc3 32. Bxb7 Kf8 33. f4 f5 34. Bf3 Ke7 35. c6 Rc7 36. Kf2 Ne4+ 37. Bxe4 fxe4 38. Rxe4+ Kd6 39. Rc4 Rxc6 40. Rxc6+ Kxc6 41. Ke3 Kd5 42. h4 h5 43. Kd3 f6 44. Ke3 f5 45. Kd3 Kc5 46. g3 Kd5 47. Ke3 Kc4 48. Kd2 Kd4 49. Ke2 Ke4 50. Kf2 1/2-1/2

[Event "Heider City-ch"]
[Site "Heider"]
[Date "2003.03.21"]
[Round "3.3"]
[White "Steer, Oliver"]
[Black "Becker, Soenke"]
[Result "0-1"]
[WhiteElo "1608"]
[BlackElo "1799"]
[PlyCount "68"]
[EventDate "2003.03.03"]
[EventType "swiss"]
[EventRounds "7"]
[EventCountry "GER"]
[SourceTitle "EXT 2004"]
[Source "ChessBase"]
[SourceDate "2003.11.25"]
[SourceVersion "1"]
[SourceVersionDate "2003.11.25"]
[SourceQuality "1"]

1. c4 Nf6 2. Nc3 g6 3. g3 Bg7 4. Bg2 0-0 5. Nf3 d6 6. d3 e5 7. Bg5 h6 8. Bxf6 Bxf6 9. Qd2 Bg7 10. b4 Nd7 11. 0-0 Nf6 12. Rab1 Be6 13. Rfc1 Qd7 14. Ne1 Rab8 15. Nc2 Bh3 16. Bh1 Kh7 17. Ne3 c6 18. b5 Nh5 19. bxc6 bxc6 20. Rb2 f5 21. Rcb1 Rxb2 22. Qxb2 Rf7 23. Nc2 f4 24. Nb4 fxg3 25. hxg3 Nxg3 26. fxg3 e4 27. Qd2 e3 28. Qxe3 Bxc3 29. Nxc6 Qg4 30. d4 Bd2 31. Qd3 Qg5 32. Bg2 Be3+ 33. Kh2 Bxg2 34. Kxg2 Rf2+ 0-1